| 000 | 01084pam a2200313 a 4500 | ||
|---|---|---|---|
| 001 | 2108284 | ||
| 003 | ARRUPE | ||
| 005 | 20140418020007.0 | ||
| 008 | 961209s1997 ilu b 001 0beng | ||
| 010 | _a 96040319 | ||
| 020 | _a1566631513 (alk. paper) | ||
| 020 | _a1566631521 (pbk. : alk. paper) | ||
| 040 |
_aDLC _cDLC _dDLC |
||
| 043 | _ae-dk--- | ||
| 050 | 0 | 0 |
_aB4376 _b.S77 1997 |
| 100 | 1 |
_aStrathern, Paul, _d1940- _91755 |
|
| 245 | 1 | 0 |
_aKierkegaard in 90 minutes / _cPaul Strathern. |
| 246 | 3 | _aKierkegaard in ninety minutes | |
| 260 |
_aChicago : _bI.R. Dee, _cc1997. |
||
| 300 |
_a93 p. ; _c22 cm. |
||
| 504 | _aIncludes bibliographical references (p. 91) and index. | ||
| 600 | 1 | 0 |
_aKierkegaard, Søren, _d1813-1855. _91756 |
| 650 | 0 |
_aPhilosophers _zDenmark _xBiography. _91757 |
|
| 650 | 0 |
_aPhilosophy, Modern _y19th century. _91758 |
|
| 650 | 0 |
_aExistentialism. _91759 |
|
| 906 |
_a7 _bcbc _corignew _d1 _eocip _f19 _gy-gencatlg |
||
| 942 |
_2lcc _cMONOGRAPH _01 |
||
| 999 |
_c118165 _d118165 |
||